| 000 | 00859nam a2200205 i 4500 | ||
|---|---|---|---|
| 001 | 62725 | ||
| 003 | ES-MaACL | ||
| 005 | 20230906164723.0 | ||
| 007 | t| | ||
| 008 | 031125s1983 sp ||||1| spa d | ||
| 100 | 1 |
_aFernández-Layos de Mier, Juan Carlos. _949868 |
|
| 245 | 1 | 0 |
_aHistoria de Consuegra _b: . Tomo I: Edad Antigua / _cJuan Carlos Fernández-Layos de Mier. |
| 260 |
_aToledo : _bInstituto Provincial de Investigaciones y Estudios Toledanos, _c1983. |
||
| 300 |
_a150 p., 14 lám., map. ; _c21 cm. |
||
| 490 | 1 |
_aInstituto Provincial de Investigaciones y Estudios Toledanos. Serie primera monografías ; _v11 |
|
| 651 | 4 |
_aConsuegra- _xHistoria. _9163246 |
|
| 830 | 0 |
_aInstituto Provincial de Investigaciones y Estudios Toledanos. Serie primera monografías ; _v11 _9230639 |
|
| 852 |
_aES-MaACL _jL-6137 _bR.106707 |
||
| 999 |
_c62725 _d62725 |
||